LEADER 01071cam0-22002891i-450- 001 990001153330403321 005 20161102165637.0 035 $a000115333 035 $aFED01000115333 035 $a(Aleph)000115333FED01 035 $a000115333 100 $a20001205d1719----km-y0itay50------ba 101 0 $alat 140 $aa-------------------bb0----- 200 1 $aOptice sive De reflexionibus, refractionibus, inflexionibus & coloribus lucis, libri tres. Authore Isaaco Newton ... Latine reddidit Samuel Clarke ... 205 $aEditio secunda, auctior 210 $aLondini$cimpensis Gul. & Joh. Innys regiae societatis typographorum ad insignia Principis in area occidentali D. Pauli$d1719 215 $a[2], xi, [1], 415, [3] p., V, IV, II, I c. di tav. ripieg.$cill.$d8° 306 $aMarca non controllata sul front. 620 $aGran Bretagna.$dLondra 700 1$aNewton,$bIsaac$f<1642-1727>$04135 801 0$aIT$bUNINA$gRICA$2UNIMARC 901 $aAQ 912 $a990001153330403321 952 $a212-C-13$b03059$fMA1 959 $aMA1 997 $aUNINA